00280 a2200109 4500001000700000020000600007040001100013100002000024240006100044245005600105362000900161181786 a  cMagnum aEstado de Minas10a7 Decadas - a historia e a vida de minas em retratolpor10a7 Decadas - a historia e a vida de minas em retrato0 a1899